| 000 | 01691cam a22005534i 4500 | ||
|---|---|---|---|
| 003 | PE-LiUPU | ||
| 005 | 20260417125934.0 | ||
| 008 | 150706s2004 sp a r 000 0 spa d | ||
| 020 | _a9788497880183 | ||
| 035 | _a(Sirsi) i9788 | ||
| 040 |
_aPE-LiUPU _bspa _cPE-LiUPU _erda |
||
| 049 | _aPRUA | ||
| 082 | 0 | 4 |
_a158.7 _bS211p _221 |
| 245 | 1 | 0 |
_aPsicología de las organizaciones / _cAndrés Rodríguez Fernández, coordinador. |
| 264 | 1 |
_aBarcelona : _bBresca Editorial, _c2004. |
|
| 300 |
_a367 páginas : _bilustraciones ; _c24 cm |
||
| 336 |
_atext _2rdacontent |
||
| 337 |
_aunmediated _2rdamedia |
||
| 338 |
_avolume _2rdacarrier |
||
| 490 | 0 |
_aManuales _v19 |
|
| 505 | 0 | _aIntroducción a la Psicología de las organizaciones -- Psicología de las organizaciones -- El individuo como unidad de análisis -- El grupo como unidad de análisis -- La organización y la red de organizaciones como unidad de análisis -- Cambio y desarrollo organizacional. | |
| 526 | _aSEG68 | ||
| 526 | _aSEG70 | ||
| 526 | _aSEG69 | ||
| 526 | _aSEG67 | ||
| 526 | _aSEG43 | ||
| 526 | _aP144 | ||
| 526 | _aP143 | ||
| 526 | _aP131 | ||
| 526 | _aP122 | ||
| 526 | _aP120 | ||
| 526 | _aP117 | ||
| 526 | _aP112 | ||
| 526 | _aP110 | ||
| 526 | _aP106 | ||
| 526 | _aP101 | ||
| 526 | _aP80 | ||
| 526 | _aP59 | ||
| 526 | _aP54 | ||
| 526 | _aP35 | ||
| 526 | _aP33 | ||
| 526 | _aP30 | ||
| 650 | 0 | 4 | _aPsicología industrial y organizacional. |
| 650 | 0 | 4 | _aIndustrial and organizational psychology. |
| 910 | _agl | ||
| 942 |
_2ddc _cBK |
||
| 980 |
_818226 _gJaime Vilcazán Jefe de Análisis Documental |
||
| 999 |
_c51407 _d51407 |
||